| 000 | 00430nam a2200169Ia 4500 | ||
|---|---|---|---|
| 008 | 240729s9999 xx 000 0 und d | ||
| 022 | _a2730-9401 | ||
| 245 | 0 | _aMolecular Horticulture | |
| 260 | _aUnited Kingdom | ||
| 260 | _bBMC | ||
| 650 | _a Botany | ||
| 650 | _a Plant culture | Science | ||
| 650 | _aAgriculture | ||
| 856 | _uhttps://doaj.org/toc/b30d2b54d401419d8939b79f78cba400 | ||
| 942 | _2ddc | ||
| 942 | _cDOAJEJ | ||
| 999 |
_c71206 _d71206 |
||
| 945 |
_a1 _bMadushi Gamage _c1 _dMadushi Gamage |
||